| 000 | 005820000a22002290004500 | ||
|---|---|---|---|
| 003 | LK-CoMWRAF | ||
| 008 | 230817t ||||| |||| 00| 0 eng d | ||
| 020 | _a0743409396 | ||
| 040 |
_aLK-CoMWRAF _dLK-CoMWRAF _eLK-CoMWRAF |
||
| 041 | _aeng | ||
| 082 |
_a460 _bROB |
||
| 100 | _aRobbinson, Anthony | ||
| 245 |
_aUnlimited Power _bThe New Science of Personal Achievement |
||
| 260 |
_bPoket Books _aU.K. _c2001 |
||
| 300 | _ap.425 | ||
| 650 | _aEnergy | ||
| 650 | _aLeadership | ||
| 650 | _aPhysiology | ||
| 650 | _aPower of Precision | ||
| 650 | _aPower of State | ||
| 942 | _cBK | ||
| 999 |
_c757 _d757 |
||